00329nam a2200133Ia 4500008004100000041000800041082001200049100001500061245003700076250001400113260003500127300002600162365000700188240624s9999 xx 000 0 und d aeng a003 BAN aBANK JERRY aDISCRETE EVENT SYSTEM SIMULATION a(3rd ed.) c2004aDelhibPearson Education axiv, : 594 : cm. ; 24 cRS